书目信息 |
| 题名: |
河北省普通高校专科接本科教育公共课考试大纲
|
|
| 作者: | ||
| 分册: | 英语、数学、政治、计算机基础 | |
| 出版信息: | 2007 |
|
| 页数: | 269页 | |
| 开本: | 26cm | |
| 丛书名: | ||
| 单 册: | ||
| 中图分类: | G642.474 | |
| 科图分类: | ||
| 主题词: | 教育--各级 | |
| 电子资源: | ||
| ISBN: | ||
| 000 | 00523nam0 2200157 450 | |
| 001 | 0636244766 | |
| 005 | 20070803100627.89 | |
| 100 | @a20060929d2007 km y0chiy0120 ea | |
| 101 | 0 | @achi |
| 200 | 1 | @a河北省普通高校专科接本科教育公共课考试大纲@Ahe bei sheng pu tong gao xiao zhuan ke jie ben ke jiao yu gong gong ke kao shi da gang@e2007年@h英语、数学、政治、计算机基础 |
| 210 | @d2007 | |
| 215 | @a269页@d26cm | |
| 606 | 0 | @a教育@x各级 |
| 690 | @aG642.474@v3 | |
| 801 | 0 | @aCN@bNISOFT@c20070803 |
| 905 | @a10447@dG642.474@e235:1(2007) | |
| 河北省普通高校专科接本科教育公共课考试大纲:2007年.英语、数学、政治、计算机基础.-2007 |
| 269页;26cm |
| ISBN : |
| ● |
| 相关链接 |
|
|
|
|
正题名:河北省普通高校专科接本科教育公共课考试大纲
索取号:G642.474/235:1(2007)
 
预约/预借
| 序号 | 登录号 | 条形码 | 馆藏地/架位号 | 状态 | 备注 |
| 1 | 0791255 | 207912552 | 密集书库/ [索取号:G642.474/235:1(2007)] | 在馆 | |
| 2 | 0791403 | 207914033 | 第一样本阅览室/ [索取号:G642.474/235:1(2007)] | 在馆 | |
| 3 | 0791514 | 207915149 | 密集书库/ [索取号:G642.474/235:1(2007)] | 在馆 | |
| 4 | 0791520 | 207915201 | 密集书库/ [索取号:G642.474/235:1(2007)] | 在馆 | |
| 5 | 0791521 | 207915210 | 密集书库/ [索取号:G642.474/235:1(2007)] | 在馆 | |
| 6 | 0791576 | 207915764 | 密集书库/ [索取号:G642.474/235:1(2007)] | 在馆 | |
| 7 | 0791712 | 207917129 | 密集书库/ [索取号:G642.474/235:1(2007)] | 在馆 |